000 00304nam a22001337a 4500
008 170825b xxu||||| |||| 00| 0 eng d
020 _a978039543223
041 _aeng
080 _24 ed
_a070
100 _a39
101 _aMED
245 _aGROUPS THEORY EXPERIENCE
_cNAIPIER.R.W
942 _2udc
_cBK
999 _c25063
_d25063